00377 2200157 4500001002100000005001500021035002000036245006500056100002200121250000600143300001200149260002400161082000800185084001400193990001200207INLIS00000000000241820250604084425 a0010-06250000041 a3 Jenis Penyakit Pembunuh Utama Manusia /cRonald H. Sitorus0 aRonald H. Sitorus a1 a192 hlm bY Rama Widya,c2006 a600 a600 RON t a0712278